000 00912cam a2200349 4500
001 J63868
008 000000n2001 000 0 eng u
035 _a(Sirsi) u111638
110 _aRoyal Institution of Chartered Surveyors
_94900
245 _aEuropean economic brief
260 _aLondon
_bRICS
_c2001
300 _a1pt. ; 30cm.
520 _aProduced by the RICS Economics department. email [email protected]
650 _aECONOMY
650 _aFORECASTS
650 _aEUROPE
650 _aPROPERTY-COMMERCIAL PROPERTY
650 _aGERMANY
650 _aFRANCE
650 _aITALY
650 _aSPAIN
650 _aNETHERLANDS
650 _aBELGIUM
650 _aRESIDENTIAL PROPERTY
_96266
650 _aPROPERTY MARKET
650 _aHOUSE PRICES
650 _aOFFICES
650 _aINDUSTRIAL PROPERTY
650 _aRENTS
690 _aECONOMIC ISSUES
942 _n0
999 _c101269
_d101269